| 000 | 00679nam a22002417a 4500 | ||
|---|---|---|---|
| 003 | UA-OsUOA | ||
| 001 | 23360 | ||
| 007 | ta | ||
| 008 | 20040120b un ||||| |||| 00| 0 ukr d | ||
| 090 |
_a69(075.8) _bБ90 |
||
| 942 | _cBK | ||
| 040 |
_aUA-OsUOA _bukr _cUA-OsUOA _dUA-OsUOA |
||
| 245 |
_aБудівельна техніка _bНавчальний посібник _cВ.Л.Баладінський О.М.Лівінський Л.А.Хмара |
||
| 300 |
_a368 с. _bІлюстрації |
||
| 955 | _a0 | ||
| 041 | _aukr | ||
| 080 | _a69(075.8) | ||
| 020 | _a966-06-0067-4 | ||
| 260 |
_aКиїв _bЛибідь _c2001 |
||
| 044 | _aUA | ||
| 650 | 7 | _2UDC | |
| 999 |
_c309606 _d309606 |
||